00624nam a2200205Ia 4500003000400000005001700004008004100021020001900062040000700081041000800088082001300096100002700109245007700136260001700213300000800230650002000238942001300258999001900271952012800290OSt20251023113219.0250729s2006 xx 000 0 und d a978-0826468970 cAL aeng a500 CLAT aClark John O E9223278 aHistory of philosophy: late medieval and renaissance philosophy - Vol. 3 aLondonc2006 a64p aScience9223279 2ddccBED c235828d235828 00104070aALbALd2025-07-29eBook Exhibitiong275.00l0o500 CLATpBED01147r2025-07-29 16:54:20v275.00w2025-07-29yBK